Culture Générale - Série 381 - Statistiques

Statistiques générales
  • Ce quiz a été pris 269 fois
  • Le résultat moyen est 7 sur 10
Statistiques - réponses
Question Réponse % Correct
Dans quel pays non francophone, Nikos Aliagas présentait-il le journal télévisé ? La Grèce
96%
En 1958, quel grand félin d'Afrique a donné son nom à un roman de Joseph Kessel ? Le lion
92%
Quelle actrice américaine a épousé le prince Rainier III de Monaco en 1956 ? Grace Kelly
83%
Quelle chanteuse a été la première gagnante de la Star Academy française ? Jenifer
75%
Dans quelle chanson de Serge Gainsbourg peut-on entendre: "J'fais des trous, des p'tits trous, encore des p'tits trous" ? Le Poinçonneur des Lilas
74%
Qui a animé les différentes éditions de la Star Academy ? Nikos Aliagas
74%
Quel acteur américain s'échoue sur une île déserte dans le film de 2000 "Seul au monde" ? Tom Hanks
68%
Quelle chanteuse a remporté le Concours Eurovision de la Chanson en 1988 avec le titre "Ne partez pas sans moi" ? Céline Dion
56%
Dans quel film sorti en 1973 Louis de Funès incarne-t-il Victor Pivert ? Les Aventures de Rabbi Jacob
52%
Quelle chanteuse de jazz, décédée en 1996, était surnommée "The First Lady Of Song" ? Ella Fitzgerald
25%
Aucun quiz correspondant
Distribution des résultats
% des personnes avec chaque résultat
Percentile par nombre de réponses
Votre historique - résultats
Vous n’avez pas pris ce quiz